| 000 | 01041cab a2200313 4500 | ||
|---|---|---|---|
| 001 | ABS54818 | ||
| 008 | 090401t1996 xxu||||| |||| 00| 0 eng d | ||
| 035 | _a(Sirsi) u12382 | ||
| 041 | _aeng | ||
| 100 | _aFrench, N.S. | ||
| 245 | _aApplications of the arbitrage method of valuation | ||
| 260 | _c1996 | ||
| 350 | _a0 | ||
| 490 |
_aJournal of Property Research _v13(1) March 1996, 47-56(10) |
||
| 520 | _aReviews the arbitrage approach to valuation and its application to a term and reversion property distinguishing between different risk profiles of various cash flows. Comparison with other forms of property valuations including discounted cash flow. | ||
| 650 | _aARBITRAGE | ||
| 650 | _aDISCOUNTED CASH FLOW | ||
| 650 | _aMALLINSON REPORT | ||
| 650 | _aPORTFOLIO MANAGEMENT | ||
| 650 | _aRENTAL GROWTH | ||
| 650 | _aREVERSIONARY FREEHOLDS | ||
| 650 | _aRISK | ||
| 650 |
_aValuation _96273 |
||
| 650 | _aYIELDS | ||
| 690 | _aRATING AND VALUATION | ||
| 700 | _aWard, C.W.R. | ||
| 942 | _n0 | ||
| 948 | _c04/03/1997 | ||
| 999 |
_c7916 _d7916 |
||